Pantuflas de perrito /
Inspirado en textos escritos por niños, Jorge Luján creó esta colección de poemas. En ellos se pueden oír las voces de los chicos y la del poeta; también, los ladridos, maullidos y gruñidos de sus mascotas. Las ilustraciones de Isol alumbran el secreto de la relación que une a niños y animales....
Guardado en:
| Autor Principal: | |
|---|---|
| Otros Autores: | |
| Formato: | Libro |
| Publicado: |
Buenos Aires :
Pequeño Editor,
2013
|
| Edición: | 1a ed. |
| Series: | Incluso los grandes
|
| Materias: | |
| Etiquetas: |
Agregar Etiqueta
Sin Etiquetas, Sea el primero en etiquetar este registro!
|
| LEADER | 01159nam a22002775a 4500 | ||
|---|---|---|---|
| 001 | CEM.cems015421 | ||
| 008 | 130507s2013##################000#0#####d | ||
| 005 | 20240223163132.0 | ||
| 245 | 1 | 0 | |a Pantuflas de perrito / |c Jorge Luján ; ilustrado por Isol. |
| 250 | |a 1a ed. | ||
| 260 | |a Buenos Aires : |b Pequeño Editor, |c 2013 | ||
| 300 | |a 32 p. | ||
| 490 | 0 | |a Incluso los grandes | |
| 520 | |a Inspirado en textos escritos por niños, Jorge Luján creó esta colección de poemas. En ellos se pueden oír las voces de los chicos y la del poeta; también, los ladridos, maullidos y gruñidos de sus mascotas. Las ilustraciones de Isol alumbran el secreto de la relación que une a niños y animales. | ||
| 020 | |a 9789871374359 | ||
| 100 | 1 | |a Luján, Jorge | |
| 700 | 1 | |a Isol; il. | |
| 082 | 0 | 4 | |a A861.4 |
| 653 | |a Literatura | ||
| 653 | |a Literatura argentina | ||
| 653 | |a Literatura infantil | ||
| 653 | |a Poesía | ||
| 653 | |a Poesía infantil | ||
| 653 | |a Colección ciencias de la educación | ||
| 859 | |a CEMS |b BIB. CEMS - Inicial y Primaria |h A861.4 |i L968-1 |k IP |p 3971 |t Ej. 1 | ||
| 859 | |a CEMS |b BIB. CEMS - Ccias. Educacion |h A861.4 |i L968-3 |k CE |p 28906.19 |t Ej.1 | ||
